| 000 | 01281cam8a220022900 4500 | ||
|---|---|---|---|
| 001 | tmp15392675 | ||
| 003 | UPRA | ||
| 005 | 20190830120953.0 | ||
| 008 | 950803s1962 be i fre u | ||
| 035 | _a(Sirsi) r29290 | ||
| 035 | _a(UPRA)tmp15392675 | ||
| 040 | _cUPRA | ||
| 110 | 2 |
_aMusee royal de l'Afrique centrale. _6A9018.1 |
|
| 245 | 1 | 0 |
_aMission zoologique de l'I.R.S.A.C. en Afrique Orientale (P. Basilewsky et N. Le Leup, 1957) : _bResultate coientifiques. _nPt. 4. |
| 260 |
_aTervuren, _c1962. |
||
| 490 | 1 |
_aMusee Royal de l'Afrique Centrale (Tervuren, Belgium). Annales. Ser. in-8 , Sciences zoologiques ; _vno. 110 |
|
| 500 | _aSons les auspices de l'I.R.S.A.C. et du Musee Royal de l'Afrique Centrale a Tervuren. | ||
| 504 | _aIncludes bibliographies. | ||
| 810 | 2 |
_aMusee Royal de l'Afrique Centrale (Tervuren, Belgium). Annales. Ser. in-8 , Sciences zoologiques ; _tMusee Royal de l'Afrique Centrale (Tervuren, Belgium). Annales. Ser. in-8 , Sciences zoologiques ; _nMusee Royal de l'Afrique Centrale (Tervuren, Belgium). Annales. Ser. in-8 , Sciences zoologiques ; _pMusee Royal de l'Afrique Centrale (Tervuren, Belgium). Annales. Ser. in-8 , Sciences zoologiques ; _vno. 110 _6S8049.1 |
|
| 949 |
_aDT641.M8 _wlcc _i-31982 _mMAIN _tBOOK _lON-SHELF |
||
| 004 | 29290 | ||
| 999 |
_c196596 _d196596 |
||